000 03314nam a2200313 i 4500
003 vecauma
005 20250912120641.0
007 ta
008 250905t1971 ag |||||r|||| 00| 0 spa d
040 _avecauma
_bspa
_cvecauma
_dvecauma
_erda
041 1 _aspa
_hfre
099 _aHN58
_bR48
100 1 _aRevel, Jean-François,
_d1924-2006
_eautor
_95524
245 1 0 _aNi Marx ni Jesús :
_bde la segunda revolución americana a la segunda revolución mundial /
_cJean-François Revel
264 1 _aBuenos Aires, Argentina :
_bEmecé,
_c1971.
264 4 _c©1971.
300 1 _a223 páginas.
336 _atexto
_btxt
_2rdacontenido
337 _ano mediado
_bn
_2rdamedio
338 _avolumen
_bnc
_2rdasoporte
504 _aIncluye referencias bibliográficas.
505 0 _aLa segunda revolución norteamericana. -- Las cinco condiciones de una revolución. -- No hubo revolución en los países comunistas. -- No habrá revolución en Europa occidental. -- Un ejemplo de revolución imposible. -- No habrá revolución en el Tercer Mundo. -- De la primera a la segunda revolución mundial. -- El terror bilimenarista y el fin de la "política exterior". -- Se puede ir de la libertad al socialismo, no del socialismo a la libertad. -- Violencia y revolución. -- El antinorteamericano y la revolución norteamericana. -- Una nueva dinámica revolucionaria. -- La información-Revolución. -- Los Estados Unidos, detonante revolucionario. -- Derechos y medios. -- Ni Marx ni Jesús.
520 3 _aLa revolución de la segunda mitad del siglo XX se producirá en los Estados Unidos: en verdad, ya ha comenzado a desarrollarse allí. Esta afirmación escandalizará en Europa y el Tercer Mundo a los espíritus acostumbrados a considerar a los Estados Unidos como el país conservador por excelencia. Sin embargo, es en América del Norte donde se inventó el nuevo método revolucionario llamado contestación; es en América del Norte donde, por primera vez en la historia, una masa poderosa ha protestado contra el imperialismo de su propio Gobierno, y donde ha comenzado la revuelta de los jóvenes, el combate por la igualdad real de los sexos, el repudio de toda represión moral e, inclusive, a través del sufrimiento, la invención de una sociedad multirracial y de un policentrismo cultural. América del Norte está en vías de crear un modelo revolucionario para los demás países, el primer modelo en mucho tiempo, dentro de las sociedades desarrolladas, que no sea la copia de una revolución anterior. Hacia 1780, Francia era la nación más reaccionaria y, a la vez, más revolucionaria de Europa civilizada, esto es, el país donde en conflicto interno de la sociedad se situaba en el nivel más creador y tornaba ineluctable y provechoso un enfrentamiento. Hoy, América del Norte, mal que le pese a los adversarios de derecha y de izquierda, es el reservorio donde vuelven a convivir todos los conflictos y todas las posibilidades revolucionarias de nuestra época.
534 _pTítulo original:
_tNi Marx, ni Jésus : de la second révolution américaine à la seconde révolution mondiale.
650 1 0 _92706
_aHISTORIA SOCIAL
_y1945-
651 0 _93929
_aESTADOS UNIDOS
_xCONDICIONES SOCIALES
_y1945-
942 _2lcc
_n0
_cBK
999 _c12284
_d12284